000 00281nam a22001337a 4500
008 170315b xxu||||| |||| 00| 0 eng d
020 _a9780072946147
041 _aeng
080 _a611
100 _a7
101 _aSHM
245 _aHUMAN PHYSIOLOGY
_cFOX, S.I
942 _2udc
_cBK
999 _c7885
_d7885